000 00329nam a2200145Ia 4500
008 191201s2007 xx 000 0 und d
082 _a658.45
_bKAB
100 _aKaul, Asha
245 0 _aBusiness Communication
250 _a2nd
260 _aN.Delhi
_bPrentice Hall
_c2007
300 _a125
650 _aMBA
942 _2ddc
_cBK
999 _c2658
_d2658